<The> Next Production Revolution Implications for Governments and Business

Salvato in:
Dettagli Bibliografici
Natura: Libro
Lingua:inglese
Pubblicazione: Paris OECD 2017
Soggetti:
Tags: Aggiungi Tag
Nessun Tag, puoi essere il primo ad aggiungerne!!

MARC

LEADER 00000nam a2200000 4500
001 0241955
005 20240314123221.5
020 |a 978-92-64-27099-2 
041 0 |a eng 
044 |a FR 
245 1 0 |a <The> Next Production Revolution  |b Implications for Governments and Business 
264 1 |a Paris  |b OECD  |c 2017 
300 |a 438 s. 
610 2 0 |a pokrok vedeckotechnický 
610 2 0 |a technológie nové 
610 2 0 |a digitalizácia 
610 2 0 |a technológie informačné 
610 2 0 |a robotizácia 
610 2 0 |a produkcia 
610 2 0 |a výroba automatizovaná 
610 2 0 |a inovácia 
610 2 0 |a dôsledky sociálne 
610 2 0 |a produktivita práce 
610 2 0 |a zamestnanosť 
610 2 0 |a zručnosti 
610 2 0 |a príjmy 
610 2 0 |a úroveň životná 
610 2 0 |a porovnanie medzinárodné 
610 2 0 |a USA 
610 2 0 |a Čína